Λαογραφική αποστολή στα Διαπόντια νησιά : (Ερείκουσα - Μαθράκι - Οθωνοί)
Αποθηκεύτηκε σε:
| Κύριος συγγραφέας: | |
|---|---|
| Μορφή: | Βιβλίο |
| Γλώσσα: | Greek |
| Δημοσίευση: |
Αθήνα:
Ακαδημία Αθηνών. Κέντρον Ερεύνης της Ελληνικής Λαογραφίας,
2012.
|
| Σειρά: | Πηγές λαϊκού πολιτισμού ;
7 |
| Θέματα: | |
| Ετικέτες: |
Προσθήκη ετικέτας
Δεν υπάρχουν, Καταχωρήστε ετικέτα πρώτοι!
|
MARC
| LEADER | 00000cam a2200000 a 4500 | ||
|---|---|---|---|
| 001 | 1/115016 | ||
| 008 | 170922s2012####gr | ||| |||| ||gre|| | ||
| 020 | |a 9789604042463 | ||
| 040 | |a GR-MyUa |b gre |c GR-MyUa |e AACR2 | ||
| 041 | 0 | |a gre | |
| 082 | 7 | |a 398.094955 |2 (23) | |
| 100 | 1 | |a Λουκάτος, Δημήτρης Σωτ., |d 1908-2003. | |
| 245 | 1 | 0 | |a Λαογραφική αποστολή στα Διαπόντια νησιά : |b (Ερείκουσα - Μαθράκι - Οθωνοί) / |c Δημητρίου Σ. Λουκάτου; επιμέλεια Κυριακή Χρυσού-Καρατζά. |
| 260 | |a Αθήνα: |b Ακαδημία Αθηνών. Κέντρον Ερεύνης της Ελληνικής Λαογραφίας, |c 2012. | ||
| 300 | |a 442 σ. : |c 22 εκ. + |e 1 οπτική δισκέτα λέιζερ Η/Υ (4 3/4 ίν.) | ||
| 490 | 1 | |a (Πηγές του λαϊκού πολιτισμού ; |v 7) | |
| 500 | |a Δαπάνη του εκπολιτιστικού καλλιτεχνικού αθλητικού ομίλου Κέρκυρας "ο Λαοδάμας". | ||
| 500 | |a Περιλαμβάνει ευρετήριο. | ||
| 650 | 0 | |a Folklore |z Greece |z Kerkyra (Nome) | |
| 651 | 0 | |a Kerkyra (Greece : Nome) |x Social life and customs. | |
| 651 | 0 | |a Othonoi Island (Greece) |v Social life and customs. | |
| 830 | 0 | |a Πηγές λαϊκού πολιτισμού ; |v 7 | |
| 852 | |a INST |b LESVOS |e 20170922 |h 398.094955 ΛΟΥ |p 005100060871 |q 005100060871 |t BK |y 0 | ||
| 852 | |a INST |b LESVOS |e 20170922 |h 398.094955 ΛΟΥ |p 005100060872 |q 005100060872 |t BK |y 0 | ||
| 970 | |a Καμάτσου |b Δέσποινα |z 22-09-2017 | ||